Aktuálne problémy podnikovej sféry 2019 zborník vedeckých prác z medzinárodnej vedeckej konferencie, 2019, Ráztočno Handlová, Slovensko

Guardado en:
Detalles Bibliográficos
Autores Corporativos: Aktuálne problémy podnikovej sféry 2019. Medzinárodná vedecká konferencia, Fakulta podnikového manažmentu EU. Katedra podnikovohospodárska
Otros Autores: Hrušovská, Dana, 1964-, Szarková, Miroslava, 1951-, Tršťanská, Alena, Miťková, Veronika
Formato: Libro
Lenguaje:eslovaco
checo
polaco
inglés
alemán
Publicado: Bratislava Vydavateľstvo EKONÓM 2019
Edición:1. vydanie
Materias:
Etiquetas: Agregar Etiqueta
Sin Etiquetas, Sea el primero en etiquetar este registro!

MARC

LEADER 00000nlm a2200000 4500
001 0254383
005 20240513113147.6
020 |a 978-80-225-4618-8 
041 0 |a slo 
041 0 |a cze 
041 0 |a pol 
041 0 |a eng 
041 0 |a ger 
044 |a SK 
245 1 0 |a Aktuálne problémy podnikovej sféry 2019  |b zborník vedeckých prác z medzinárodnej vedeckej konferencie, 2019, Ráztočno Handlová, Slovensko  |c Helena Majdúchová a kolektív ; editor: Dana Hrušovská 
250 |a 1. vydanie 
264 1 |a Bratislava  |b Vydavateľstvo EKONÓM  |c 2019 
300 |a online 452 s. [22,9 AH] 
610 2 0 |a podnikanie 
610 2 0 |a prostredie podnikateľské 
610 2 0 |a zdroje ľudské 
610 2 0 |a mzdy 
610 2 0 |a ceny 
610 2 0 |a podnik malý 
610 2 0 |a podnik stredný 
610 2 0 |a klaster 
610 2 0 |a priemysel kreatívny 
610 2 0 |a známky ochranné 
610 2 0 |a etika podniková 
610 2 0 |a stratégia podniková 
610 2 0 |a Slovensko 
610 2 0 |a Európska únia 
700 1 |a Hrušovská, Dana, 1964- 
700 1 |a Szarková, Miroslava, 1951- 
700 1 |a Tršťanská, Alena 
700 1 |a Miťková, Veronika 
110 2 |a Aktuálne problémy podnikovej sféry 2019. Medzinárodná vedecká konferencia 
710 2 |a Fakulta podnikového manažmentu EU. Katedra podnikovohospodárska